| 000 | 00799nam a2200229Ii 4500 | ||
|---|---|---|---|
| 003 | JO-AjNU | ||
| 008 | 230605s9999||||xx |||||||||||||| ||und|| | ||
| 017 | _a1433/8506 | ||
| 020 | _a978-603-8106-26-6 | ||
| 040 |
_aJO-AjNU _bara _erda _cJO-AjNU |
||
| 041 | _aara | ||
| 050 | 1 | 4 | _aK564.M37.2013 |
| 100 | 3 |
_a مصري، عبد الصبور عبد القوي علي , _eauthor _944653 |
|
| 245 | 0 | 0 | _aالتنظيم القانوني للتحكيم الالكتروني |
| 250 | _aط1 | ||
| 264 | 3 | 1 | _aالرياض : مكتبة القانون والاقتصاد ، 2013 |
| 300 | _a211ص | ||
| 336 |
_atext _btxt _2rdacontent |
||
| 337 |
_aunmediated _bn _2rdamedia |
||
| 338 |
_avolume _bnc _2rdacarrier |
||
| 650 | 4 |
_aالاثبات ( قانون) -- التحكيم الالكتروني _944654 |
|
| 999 |
_aA19296 _c22864 _d22864 |
||